Color science (Record no. 38080)

MARC details
000 -LEADER
fixed length control field 00310nam a2200133Ia 4500
082 ## - DEWEY DECIMAL CLASSIFICATION NUMBER
Classification number 535.6
Item number WYS
100 ## - MAIN ENTRY--AUTHOR NAME
Personal name Stiles, W S
245 #0 - TITLE STATEMENT
Title Color science
250 ## - EDITION STATEMENT
Edition statement Ed.2
260 ## - PUBLICATION, DISTRIBUTION, ETC. (IMPRINT)
Place of publication New York
Name of publisher John Wiley
Year of publication 1982
700 ## - ADDED ENTRY--PERSONAL NAME
Personal name Wyszecki, Gunter
942 ## - ADDED ENTRY ELEMENTS (KOHA)
Koha item type Books
Holdings
Withdrawn status Lost status Damaged status Not for loan Home library Current library Date acquired Cost, normal purchase price Full call number Accession Number Koha item type
        RRII Library RRII Library 16/12/2021 78.00 535.6 WYS 18447 Books